[Event "II Open I Like Elo"]
[Site "Roma ITA"]
[Date "2009.02.04"]
[Round "4"]
[White "Capitani, Roberto"]
[Black "Ciuchi, Francesco"]
[Result "0-1"]
[WhiteElo "1606"]
[BlackElo "1524"]
[PlyCount "82"]
[EventDate "2009.01.14"]

1. e4 e5 2. Nf3 Nc6 3. Bb5 a6 4. Bxc6 dxc6 5. O-O Bd6 6. d4 Bg4 7. dxe5 Bxf3 8.
Qxf3 Bxe5 9. Nd2 Nf6 10. Nc4 Qe7 11. c3 Qc5 12. Nxe5 Qxe5 13. Re1 O-O 14. Bf4
Qe7 15. e5 Nd5 16. Bg3 Rad8 17. Qg4 Rde8 18. Rad1 f5 19. Qd4 f4 20. c4 fxg3 21.
hxg3 Nb6 22. a4 Rd8 23. Qg4 Rxd1 24. Qxd1 Qc5 25. b3 Rxf2 26. Kh1 Qe7 27. a5
Nd7 28. Qd4 Rf5 29. e6 Nc5 30. b4 Nxe6 31. Qg4 Rf6 32. c5 Rh6+ 33. Kg1 Qf6 34.
Re3 Qa1+ 35. Kf2 Rf6+ 36. Rf3 Qb2+ 37. Kg1 Qc1+ 38. Kf2 Qd2+ 39. Kf1 Rh6 40.
Kg1 Qd1+ 41. Rf1 Qxg4 0-1

[Event "II Open I Like Elo"]
[Site "Roma ITA"]
[Date "2009.02.04"]
[Round "4"]
[White "Castillo, Juan"]
[Black "Maggi, Luigi"]
[Result "1-0"]
[WhiteElo "1784"]
[BlackElo "1864"]
[PlyCount "109"]
[EventDate "2009.01.14"]

1. e4 e6 2. Nf3 d5 3. exd5 exd5 4. d4 Nf6 5. Bd3 Be7 6. O-O O-O 7. Re1 c5 8. c3
Nc6 9. h3 Qb6 10. Bc2 Re8 11. b3 cxd4 12. cxd4 Nb4 13. Be3 Nxc2 14. Qxc2 Be6
15. Nbd2 Rac8 16. Qb2 Qa6 17. a4 Bb4 18. Rec1 Bf5 19. Rxc8 Rxc8 20. Rc1 h6 21.
Rxc8+ Bxc8 22. Qc2 Be6 23. Ne5 Qb6 24. Ndf3 Bd6 25. Nd2 Qc7 26. Qxc7 Bxc7 27.
Nd3 Bf5 28. Ne1 h5 29. Kf1 Ba5 30. Ke2 Kf8 31. Nd3 Bxd3+ 32. Kxd3 Ke7 33. Nf3
Ne4 34. Ne5 f6 35. Ng6+ Kd6 36. Nf4 h4 37. Ng6 Ke6 38. Nxh4 g5 39. Nf3 Bc7 40.
Ne1 a6 41. Nc2 b5 42. axb5 axb5 43. f3 Ng3 44. Na3 Nf5 45. Bf2 b4 46. Nc2 Ba5
47. Be1 Nh4 48. Bxh4 gxh4 49. Ke3 Kf5 50. Ne1 Bc7 51. Nd3 Bd6 52. f4 Kg6 53.
Kf2 Bc7 54. Kf3 Kh5 55. Nxb4 1-0

[Event "II Open I Like Elo"]
[Site "Roma ITA"]
[Date "2009.02.04"]
[Round "4"]
[White "De Lisa, Carmine"]
[Black "Attanasi, Salvatore"]
[Result "1-0"]
[WhiteElo "1734"]
[BlackElo "1858"]
[PlyCount "69"]
[EventDate "2009.01.14"]

1. e4 e6 2. d4 d5 3. Nd2 Nf6 4. e5 Nfd7 5. Bd3 c5 6. c3 Nc6 7. Ne2 Qb6 8. Nf3
cxd4 9. cxd4 f6 10. exf6 Nxf6 11. O-O Bd6 12. Re1 O-O 13. a3 a5 14. Qc2 h6 15.
Be3 Bd7 16. Ne5 Rac8 17. Bh7+ Nxh7 18. Nxd7 Nxd4 19. Qxc8 Nxe2+ 20. Rxe2 Qb5
21. Nxf8 Nxf8 22. Ree1 Kh7 23. Qc2+ Kg8 24. Bd4 Qe8 25. Qc3 Qh5 26. g3 Qg5 27.
Qxa5 h5 28. Be5 Be7 29. Qc7 h4 30. Bd6 Bd8 31. Qxb7 h3 32. Bxf8 Bf6 33. Bd6 Qg4
34. Qc8+ Kh7 35. Qxe6 1-0

[Event "II Open I Like Elo"]
[Site "Roma ITA"]
[Date "2009.02.04"]
[Round "4"]
[White "Di Mauro, Giuseppe"]
[Black "Pala, Giorgio"]
[Result "1-0"]
[WhiteElo "1943"]
[BlackElo "1962"]
[PlyCount "61"]
[EventDate "2009.01.14"]

1. c4 e5 2. Nc3 Nf6 3. Nf3 Nc6 4. d4 exd4 5. Nxd4 Bb4 6. Bg5 h6 7. Bh4 d6 8.
Nxc6 bxc6 9. e3 Qe7 10. Be2 Qe5 11. O-O Bd7 12. Rc1 O-O 13. Bg3 Qg5 14. Bf3
Rab8 15. Ne4 Nxe4 16. Bxe4 Rfe8 17. Bf3 Bc5 18. Bf4 Qf6 19. b3 Rb6 20. Bg4 Bf5
21. Bxf5 Qxf5 22. Qd2 Bb4 23. Qb2 Qa5 24. Rcd1 Bc3 25. Qc2 Bf6 26. Rd3 Ra6 27.
a4 Qc5 28. Rfd1 Be5 29. Bxe5 Rxe5 30. b4 Qxb4 31. Rb3 1-0

[Event "II Open I Like Elo"]
[Site "Roma ITA"]
[Date "2009.02.04"]
[Round "4"]
[White "Giuliani, Sante"]
[Black "Maggi, Fabrizio"]
[Result "0-1"]
[WhiteElo "1935"]
[BlackElo "2039"]
[PlyCount "92"]
[EventDate "2009.01.14"]

1. Nf3 f5 2. d3 Nf6 3. g3 g6 4. Bg2 Bg7 5. O-O O-O 6. Nbd2 d6 7. c3 Nc6 8. Qb3+
Kh8 9. Ng5 Qe8 10. Bxc6 bxc6 11. Ne6 Bxe6 12. Qxe6 Qc8 13. Qxc8 Raxc8 14. e4
Nd7 15. exf5 Rxf5 16. d4 c5 17. Nb3 cxd4 18. Nxd4 Bxd4 19. cxd4 Nb6 20. b3 c5
21. dxc5 Rfxc5 22. Bb2+ Kg8 23. Rac1 Rc2 24. Rxc2 Rxc2 25. Rb1 Kf7 26. a3 e5
27. Bc1 d5 28. Bg5 Ke6 29. Rc1 Rxc1+ 30. Bxc1 d4 31. Kf1 Kd5 32. Ke2 e4 33. Bd2
Nd7 34. Bb4 Ne5 35. h3 Nd3 36. Bd2 Nc5 37. b4 Na4 38. f4 Nb2 39. Bc1 Nc4 40. g4
d3+ 41. Kd1 e3 42. f5 gxf5 43. gxf5 Ke5 44. f6 Kxf6 45. Bxe3 Nxe3+ 46. Kd2 Nc4+
0-1

[Event "II Open I Like Elo"]
[Site "Roma ITA"]
[Date "2009.02.04"]
[Round "4"]
[White "Iacuitti, Dario"]
[Black "Bitossi, Massimo"]
[Result "0-1"]
[WhiteElo "1380"]
[BlackElo "1971"]
[PlyCount "72"]
[EventDate "2009.01.14"]

1. e4 Nf6 2. Nc3 d5 3. exd5 Nxd5 4. Nxd5 Qxd5 5. d4 Nc6 6. Nf3 Bg4 7. Be3 O-O-O
8. Be2 Qa5+ 9. c3 e5 10. h3 Bxf3 11. Bxf3 Nxd4 12. Bxd4 exd4 13. O-O dxc3 14.
Qb3 Qb4 15. Qxf7 cxb2 16. Rab1 Qc3 17. Rfe1 Bc5 18. Qb3 Qxb3 19. axb3 Rd2 20.
Re5 Bxf2+ 21. Kh2 Bd4 22. Bg4+ Kb8 23. Re7 Bf6 24. Re6 Rhd8 25. Rbe1 a6 26. b4
Rf2 27. Bf3 Rdd2 28. Re8+ Ka7 29. Kg3 Rc2 30. R8e3 Rxf3+ 31. gxf3 Rc1 32. R1e2
b1=Q 33. Ra3 h5 34. Ree3 g5 35. Rab3 Rg1+ 36. Kf2 Qf1# 0-1

[Event "II Open I Like Elo"]
[Site "Roma ITA"]
[Date "2009.02.04"]
[Round "4"]
[White "Musmarra, Giovanni"]
[Black "Pastore, Cosmas"]
[Result "0-1"]
[WhiteElo "1747"]
[BlackElo "1806"]
[PlyCount "120"]
[EventDate "2009.01.14"]

1. e4 d5 2. exd5 Qxd5 3. Nc3 Qa5 4. d4 Nf6 5. Bd2 c6 6. Ne4 Qc7 7. Nxf6+ gxf6
8. c4 Bf5 9. Nf3 e6 10. g3 Nd7 11. Bg2 O-O-O 12. Bf4 Bd6 13. Bxd6 Qxd6 14. Qa4
Kb8 15. O-O-O Nb6 16. Qb3 Qc7 17. Nh4 Bg6 18. Rhe1 Rd7 19. Nxg6 hxg6 20. h4 Rh5
21. c5 Nd5 22. Kb1 Rh8 23. Rd3 Rhd8 24. Qa4 Ne7 25. Ra3 Rxd4 26. Qxa7+ Kc8 27.
Rb3 Rd2 28. Bh3 Rxf2 29. a4 f5 30. a5 Rd7 31. a6 Qb8 32. Qb6 Nd5 33. Qa5 Qa7
34. Bf1 Rxf1 35. axb7+ Rxb7 36. Qxa7 Rxa7 37. Rxf1 Nf6 38. Rd1 Nd5 39. Kc2 Ra5
40. Kd3 Rxc5 41. Kd4 Rc2 42. Ra1 Kd7 43. Ra7+ Kd6 44. Rxf7 e5+ 45. Kd3 Rg2 46.
Kc4 e4 47. Rg7 Rc2+ 48. Rc3 Nxc3 49. bxc3 e3 50. Rxg6+ Ke5 51. Kd3 e2 52. Kxc2
e1=Q 53. h5 Qe2+ 54. Kb3 Qxh5 55. Rxc6 Qd1+ 56. Kb4 Qb1+ 57. Kc5 Qg1+ 58. Kb5
Qxg3 59. c4 Qb3+ 60. Ka5 f4 0-1

[Event "II Open I Like Elo"]
[Site "Roma ITA"]
[Date "2009.02.04"]
[Round "4"]
[White "Palama', Pierpaolo"]
[Black "Migliozzi, Giuseppe"]
[Result "0-1"]
[WhiteElo "1464"]
[BlackElo "1732"]
[PlyCount "76"]
[EventDate "2009.01.14"]

1. e4 d5 2. exd5 Qxd5 3. Nc3 Qa5 4. d4 Nf6 5. Bd2 c6 6. Bc4 Bf5 7. Bb3 e6 8.
Nge2 Qc7 9. Ng3 Bg6 10. Qe2 Bd6 11. O-O-O Nbd7 12. Rhe1 O-O 13. Nf1 a5 14. a4
Rfe8 15. g4 h6 16. h4 h5 17. g5 Nd5 18. Ne4 Nf4 19. Qf3 Nd5 20. Nfg3 Bxg3 21.
Nxg3 b5 22. Nxh5 bxa4 23. Bxa4 N7b6 24. Bb3 a4 25. Ba2 a3 26. b3 c5 27. c4 cxd4
28. Bf4 Nxf4 29. Nxf4 Bf5 30. Nd3 Nd5 31. Rd2 Nc3 32. Re5 Bxd3 33. Qg3 Nxa2+
34. Rxa2 Bg6 35. f4 d3 36. Kd2 Qd6 37. Rb5 Reb8 38. c5 Qc7 0-1

[Event "II Open I Like Elo"]
[Site "Roma ITA"]
[Date "2009.02.04"]
[Round "4"]
[White "Piccolo, Giuseppe"]
[Black "Sellitto, Pietro"]
[Result "0-1"]
[WhiteElo "1635"]
[BlackElo "1467"]
[PlyCount "105"]
[EventDate "2009.01.14"]

1. e4 e5 2. d4 exd4 3. c3 Nf6 4. e5 Qe7 5. cxd4 d6 6. Nf3 dxe5 7. dxe5 Nc6 8.
Bb5 Qb4+ 9. Nc3 Ne4 10. Bxc6+ bxc6 11. Bd2 Nxd2 12. Qxd2 Ba6 13. Rd1 Bc5 14.
Qd7+ Kf8 15. Qxc6 Bb7 16. Qxc7 Qb6 17. Qxb6 Bxb6 18. O-O g6 19. Nd5 Bxd5 20.
Rxd5 Kg7 21. Rfd1 Rhe8 22. Nd4 Rad8 23. Nf5+ gxf5 24. Rxd8 Bxd8 25. f4 Bb6+ 26.
Kf1 Rc8 27. Ke2 Rc4 28. g3 Rc7 29. Rd6 Rc2+ 30. Rd2 Rc6 31. Kf3 Re6 32. Rd7 Kg6
33. h4 f6 34. g4 fxg4+ 35. Kxg4 h5+ 36. Kf3 fxe5 37. fxe5 Rxe5 38. Kf4 Rf5+ 39.
Ke4 Rf2 40. Rd6+ Kg7 41. Rd7+ Rf7 42. Rd5 Kh6 43. Rd6+ Kg7 44. Rd5 Kg6 45. Rd6+
Rf6 46. Rd5 Bf2 47. Rg5+ Kh6 48. Ra5 a6 49. b4 Bxh4 50. a4 Be1 51. Rd5 Bxb4 52.
Ke5 Rg6 53. Kf5 0-1

[Event "II Open I Like Elo"]
[Site "Roma ITA"]
[Date "2009.02.04"]
[Round "4"]
[White "Roberti, Bruno"]
[Black "Mazza, Maurizio"]
[Result "1-0"]
[WhiteElo "1990"]
[BlackElo "1711"]
[PlyCount "47"]
[EventDate "2009.01.14"]

1. e4 e5 2. Nf3 Nc6 3. Bb5 Nf6 4. O-O Be7 5. d4 exd4 6. Nxd4 O-O 7. Nc3 Nxd4 8.
Qxd4 d6 9. Re1 a6 10. Bf1 Re8 11. Bg5 Be6 12. Rad1 h6 13. Bc1 Ng4 14. Nd5 Bh4
15. g3 Ne5 16. Be2 Bf6 17. Nxf6+ Qxf6 18. f4 Nd7 19. b3 Bh3 20. Qxf6 Nxf6 21.
Bf3 Rab8 22. Bb2 Bd7 23. e5 dxe5 24. fxe5 1-0

[Event "II Open I Like Elo"]
[Site "Roma ITA"]
[Date "2009.02.04"]
[Round "4"]
[White "Romano, Ugo"]
[Black "Mammoliti, Francesco"]
[Result "1/2-1/2"]
[WhiteElo "1902"]
[BlackElo "1752"]
[PlyCount "72"]
[EventDate "2009.01.14"]

1. d4 Nf6 2. c4 e6 3. Nf3 b6 4. e3 Bb7 5. Nc3 Bb4 6. Bd3 d5 7. O-O Bxc3 8. bxc3
O-O 9. cxd5 Bxd5 10. c4 Bb7 11. Bb2 Nbd7 12. Qe2 c5 13. Rfd1 cxd4 14. exd4 Qc7
15. Rac1 Rfe8 16. c5 bxc5 17. dxc5 Rac8 18. c6 Bxc6 19. Bb5 Bxb5 20. Qxb5 Qb6
21. Qe2 Nd5 22. Qd2 N7f6 23. Bd4 Qb8 24. Ne5 Rxc1 25. Rxc1 a6 26. h3 Ne7 27.
Nc6 Qa8 28. Qc3 Ned5 29. Qg3 Kh8 30. Ne5 Re7 31. Qa3 Rb7 32. Qd6 Kg8 33. Rc6
Ne4 34. Rxa6 Qe8 35. Qc6 Qxc6 36. Nxc6 h5 1/2-1/2

[Event "II Open I Like Elo"]
[Site "Roma ITA"]
[Date "2009.02.04"]
[Round "4"]
[White "Ruotolo, Claudio"]
[Black "Quimi, Marco"]
[Result "0-1"]
[WhiteElo "1757"]
[BlackElo "2245"]
[PlyCount "66"]
[EventDate "2009.01.14"]

1. f4 Nf6 2. b3 g6 3. Bb2 Bg7 4. Nf3 O-O 5. e3 c5 6. Be2 Nc6 7. O-O d6 8. Bb5
Bd7 9. Nc3 a6 10. Bxc6 Bxc6 11. Qe1 b5 12. a4 b4 13. Nd1 Qc7 14. h3 Rae8 15.
Qh4 h6 16. Rb1 e5 17. fxe5 dxe5 18. d3 e4 19. Ne5 g5 20. Qf2 Rxe5 21. Qg3 Nd5
22. c4 bxc3 23. Nxc3 Nxc3 24. Bxc3 Re7 25. Qe1 exd3 26. Bxg7 Kxg7 27. Qc3+ Qe5
28. Rbc1 Qxc3 29. Rxc3 Rxe3 30. Rxc5 Ba8 31. Rc7 Re2 32. Rd1 Rxg2+ 33. Kf1 Rd8
0-1

[Event "II Open I Like Elo"]
[Site "Roma ITA"]
[Date "2009.02.04"]
[Round "4"]
[White "Sermoneta, Eugenio"]
[Black "Simeone, Giulio"]
[Result "0-1"]
[WhiteElo "1784"]
[BlackElo "1983"]
[PlyCount "66"]
[EventDate "2009.01.14"]

1. e4 c6 2. d4 d5 3. e5 Bf5 4. Nf3 e6 5. Bd3 Ne7 6. c3 Qb6 7. b4 a5 8. a3 Nd7
9. O-O Bxd3 10. Qxd3 Nf5 11. g4 Ne7 12. Be3 h5 13. g5 g6 14. Nh4 axb4 15. cxb4
Qa6 16. Qc2 Qc4 17. Qxc4 dxc4 18. Nc3 Nd5 19. Ne4 Be7 20. Nf6+ N7xf6 21. gxf6
Bd8 22. Rfc1 b5 23. Nf3 Ra4 24. Nd2 Bb6 25. Ne4 O-O 26. Rc2 Nxb4 27. Rd2 Rfa8
28. Nd6 Rxa3 29. Rxa3 Rxa3 30. Rb2 Nd5 31. Nc8 Bd8 32. Re2 b4 33. Nd6 c3 0-1

[Event "II Open I Like Elo"]
[Site "Roma ITA"]
[Date "2009.02.04"]
[Round "4"]
[White "Tognotti, Andrea"]
[Black "Vanzan, Alessandro"]
[Result "0-1"]
[WhiteElo "1609"]
[BlackElo "1788"]
[PlyCount "62"]
[EventDate "2009.01.14"]

1. c4 Nf6 2. Nc3 g6 3. g3 Bg7 4. Bg2 O-O 5. Nf3 d6 6. O-O Nbd7 7. Rb1 Rb8 8. b4
b6 9. Qa4 Bb7 10. d3 c5 11. bxc5 Nxc5 12. Qxa7 Nfd7 13. Qa3 Ra8 14. Qb4 Na6 15.
Qb3 Bc6 16. Be3 Rb8 17. Qc2 Ne5 18. Nd5 Bxd5 19. cxd5 Ng4 20. Bd4 Ne5 21. Nxe5
dxe5 22. Be3 Qd6 23. Qc6 Nc5 24. Rxb6 Rxb6 25. Qxd6 exd6 26. Bxc5 dxc5 27. a4
Ra6 28. Ra1 e4 29. Ra2 exd3 30. exd3 Be5 31. Bf1 Ra5 0-1

[Event "II Open I Like Elo"]
[Site "Roma ITA"]
[Date "2009.02.11"]
[Round "5"]
[White "Arabito, Giuseppe"]
[Black "Urzi', Silvio"]
[Result "1-0"]
[WhiteElo "1905"]
[BlackElo "1818"]
[PlyCount "91"]
[EventDate "2009.01.14"]

1. e4 e6 2. d3 d5 3. Nd2 c5 4. Ngf3 Nc6 5. g3 d4 6. Bg2 e5 7. O-O Nge7 8. Nc4
Ng6 9. a4 Be7 10. h4 h5 11. Bg5 Bxg5 12. Nxg5 f6 13. Nh3 Be6 14. b3 Qd7 15. Kh2
O-O-O 16. f4 Kb8 17. Qd2 Bxc4 18. bxc4 exf4 19. Nxf4 Nce5 20. Nxg6 Nxg6 21. Bh3
Qc7 22. Rf5 Nxh4 23. Qf4 Nxf5 24. Bxf5 Qxf4 25. gxf4 Rd6 26. a5 Rh6 27. Rg1 g5
28. fxg5 fxg5 29. Rxg5 Ra6 30. Rg8+ Kc7 31. Rc8+ Kd6 32. Rb8 Rxa5 33. Rxb7 Rh8
34. Kh3 Ra1 35. Rd7+ Kc6 36. e5 Rg8 37. Rd6+ Kc7 38. Rd7+ Kb8 39. Be4 Rag1 40.
e6 a5 41. Rb7+ Kc8 42. Ra7 h4 43. Rxa5 R1g3+ 44. Kh2 R3g5 45. Bd5 Kd8 46. e7+
1-0

[Event "II Open I Like Elo"]
[Site "Roma ITA"]
[Date "2009.02.11"]
[Round "5"]
[White "Attanasi, Salvatore"]
[Black "Musmarra, Giovanni"]
[Result "1-0"]
[WhiteElo "1858"]
[BlackElo "1747"]
[PlyCount "121"]
[EventDate "2009.01.14"]

1. e4 e5 2. d4 exd4 3. Qxd4 Nc6 4. Qe3 Nf6 5. Nc3 Bb4 6. Bd2 d6 7. O-O-O Be6 8.
f4 Qe7 9. Nf3 Bc5 10. Qe1 O-O-O 11. h3 Rhe8 12. Bd3 Bb4 13. Kb1 Bd7 14. Nd5
Nxd5 15. exd5 Qxe1 16. Rhxe1 Rxe1 17. Rxe1 Bxd2 18. Nxd2 Nb4 19. Bc4 b5 20. Bb3
Re8 21. Rxe8+ Bxe8 22. Nf3 f6 23. a3 Na6 24. Nd4 Nc5 25. Ba2 a6 26. Nf5 g6 27.
Ne3 Bf7 28. Kc1 Ne4 29. Kd1 Kb7 30. Ke2 Kb6 31. Kd3 f5 32. b4 c5 33. c4 cxb4
34. axb4 a5 35. bxa5+ Kxa5 36. cxb5 Kxb5 37. Kd4 Kb4 38. Nc4 Kb5 39. Bb1 Bxd5
40. Nxd6+ Kc6 41. Nxe4 fxe4 42. Bxe4 Bxe4 43. Kxe4 Kd6 44. g4 Ke6 45. g5 Ke7
46. Kf3 Ke6 47. Kg4 Kf7 48. h4 Ke6 49. Kg3 Kf5 50. Kf3 Ke6 51. Kg4 Kf7 52. h5
Ke6 53. hxg6 hxg6 54. Kg3 Kf5 55. Kf3 Ke6 56. Ke4 Ke7 57. Ke5 Kf7 58. Kd6 Kf8
59. Ke6 Kg7 60. Ke7 Kg8 61. Kf6 1-0

[Event "II Open I Like Elo"]
[Site "Roma ITA"]
[Date "2009.02.11"]
[Round "5"]
[White "Belli, Alessandro"]
[Black "Romano, Ugo"]
[Result "1-0"]
[WhiteElo "1517"]
[BlackElo "1902"]
[PlyCount "49"]
[EventDate "2009.01.14"]

1. e4 c5 2. Nc3 e6 3. g3 g6 4. Bg2 Bg7 5. d3 Nc6 6. Be3 d6 7. Nge2 Nd4 8. f4
Ne7 9. O-O Rb8 10. a4 a6 11. Rf2 O-O 12. Qd2 Bd7 13. g4 Qc7 14. Ng3 b5 15. axb5
axb5 16. Rb1 Qa5 17. Rff1 b4 18. Nce2 Nec6 19. f5 b3 20. c3 Nc2 21. Bh6 N2d4
22. Bxg7 Nxe2+ 23. Nxe2 exf5 24. exf5 Rfe8 25. Bf6 1-0

[Event "II Open I Like Elo"]
[Site "Roma ITA"]
[Date "2009.02.11"]
[Round "5"]
[White "Bitossi, Massimo"]
[Black "Castillo, Juan"]
[Result "1-0"]
[WhiteElo "1971"]
[BlackElo "1784"]
[PlyCount "101"]
[EventDate "2009.01.14"]

1. d4 Nf6 2. Nc3 g6 3. e4 d6 4. Be2 Bg7 5. g4 Nc6 6. g5 Nd7 7. Be3 e5 8. d5 Ne7
9. h4 Nb6 10. h5 Bd7 11. Bg4 Qc8 12. Bxd7+ Qxd7 13. h6 Bf8 14. Qe2 Na4 15. Nd1
Nc8 16. b3 Nab6 17. a4 Qd8 18. a5 Nd7 19. Nh3 Be7 20. Nb2 O-O 21. Nd3 c5 22.
Rg1 a6 23. c4 b5 24. f3 Rb8 25. Qd2 Na7 26. Ke2 Rb7 27. Qc3 Qb8 28. f4 bxc4 29.
bxc4 Qc7 30. Rab1 Rfb8 31. Rxb7 Rxb7 32. Qa1 Qb8 33. Rc1 Nc8 34. Ng1 Bf8 35.
Rd1 Na7 36. Nf3 f6 37. gxf6 Bxh6 38. fxe5 Bxe3 39. Kxe3 dxe5 40. Nfxe5 Nxf6 41.
Nxc5 Rb2 42. Ned3 Qg3+ 43. Kd4 Re2 44. Qc1 Nc8 45. Qf4 Qxf4 46. Nxf4 Ra2 47. e5
Ng4 48. d6 Na7 49. Nxa6 Nc6+ 50. Kc5 Ngxe5 51. d7 1-0

[Event "II Open I Like Elo"]
[Site "Roma ITA"]
[Date "2009.02.11"]
[Round "5"]
[White "Ciuchi, Francesco"]
[Black "Lorenzi, Bruno"]
[Result "1-0"]
[WhiteElo "1524"]
[BlackElo "1700"]
[PlyCount "63"]
[EventDate "2009.01.14"]

1. e4 d5 2. exd5 Qxd5 3. Nc3 Qa5 4. d4 Nf6 5. Bc4 Bg4 6. f3 Bf5 7. Nge2 e6 8.
Bd2 c6 9. a3 Nbd7 10. b4 Qc7 11. Bf4 Bd6 12. Bxd6 Qxd6 13. O-O O-O 14. Ng3 Bg6
15. Nce4 Nxe4 16. fxe4 Nb6 17. Bb3 Rfd8 18. c3 e5 19. Qf3 Rd7 20. Nf5 Bxf5 21.
Qxf5 exd4 22. Bxf7+ Kh8 23. e5 Qe7 24. e6 Rd5 25. Qd3 dxc3 26. Qxc3 Rad8 27.
Qh3 Rd3 28. Rf3 Rd1+ 29. Rxd1 Rxd1+ 30. Kf2 Rd2+ 31. Ke1 Qd6 32. Qxh7+ 1-0

[Event "II Open I Like Elo"]
[Site "Roma ITA"]
[Date "2009.02.11"]
[Round "5"]
[White "Colantonio, Marco"]
[Black "Iacuitti, Dario"]
[Result "1-0"]
[WhiteElo "1695"]
[BlackElo "1380"]
[PlyCount "115"]
[EventDate "2009.01.14"]

1. e4 e5 2. f4 exf4 3. Nf3 g5 4. h4 g4 5. Nd4 g3 6. Bc4 Bc5 7. Nf5 Bf2+ 8. Kf1
Qf6 9. Nc3 c6 10. Qg4 d5 11. Bxd5 cxd5 12. Nxd5 Qc6 13. Qxf4 Bxf5 14. Qxf5 Qxc2
15. Qe5+ Kf8 16. Qd6+ Kg7 17. Nc3 Nf6 18. d3 Ng4 19. h5 Ne3+ 20. Bxe3 Bxe3 21.
Qxg3+ Kf8 22. Qxe3 Rg8 23. Qe2 Qxe2+ 24. Nxe2 Nc6 25. d4 Re8 26. Rh4 f6 27. Rc1
h6 28. d5 Nb4 29. a3 Nd3 30. Rc2 Re7 31. Nd4 Re5 32. Nf5 Rh8 33. Rc8+ Re8 34.
Rc7 Rb8 35. b4 a6 36. Nd6 Ne5 37. Rf4 Rd8 38. Rxf6+ Kg8 39. Re7 b5 40. Rxe5 Rh7
41. Re8+ Rxe8 42. Nxe8 Rd7 43. Rxh6 Rd8 44. Nd6 Rd7 45. Nf5 Rc7 46. Rc6 Rh7 47.
h6 Ra7 48. g4 a5 49. bxa5 Rxa5 50. Rc8+ Kh7 51. d6 Rxa3 52. d7 Ra1+ 53. Kf2 Rd1
54. d8=Q Rxd8 55. Rxd8 Kg6 56. Rb8 Kg5 57. Kf3 Kg6 58. Rxb5 1-0

[Event "II Open I Like Elo"]
[Site "Roma ITA"]
[Date "2009.02.11"]
[Round "5"]
[White "Maggi, Fabrizio"]
[Black "Di Mauro, Giuseppe"]
[Result "1-0"]
[WhiteElo "2039"]
[BlackElo "1943"]
[PlyCount "79"]
[EventDate "2009.01.14"]

1. c4 e6 2. Nc3 Nf6 3. e4 d5 4. e5 d4 5. exf6 dxc3 6. bxc3 Qxf6 7. d4 Bd6 8.
Nf3 h6 9. Bd3 Nc6 10. Qe2 Bd7 11. Rb1 b6 12. Bd2 Bf4 13. Bxf4 Qxf4 14. g3 Qf6
15. h4 O-O-O 16. c5 e5 17. d5 Bg4 18. Be4 Na5 19. c6 Rde8 20. h5 Qd6 21. Qa6+
Kd8 22. Nh4 Rhf8 23. Nf5 Qf6 24. Ne3 Bc8 25. Qxa7 Qd6 26. Bf5 Ke7 27. Bxc8 Kf6
28. Bb7 Kg5 29. Qa6 Qc5 30. Qd3 f5 31. Rb5 Qd6 32. Rb4 e4 33. Qd4 Re5 34. Rb5
Qe7 35. Rxa5 bxa5 36. Nc4 Re8 37. Nxe5 Qxe5 38. Qxe5 Rxe5 39. d6 cxd6 40. c7
1-0

[Event "II Open I Like Elo"]
[Site "Roma ITA"]
[Date "2009.02.11"]
[Round "5"]
[White "Maggi, Luigi"]
[Black "Tognotti, Andrea"]
[Result "1-0"]
[WhiteElo "1864"]
[BlackElo "1609"]
[PlyCount "81"]
[EventDate "2009.01.14"]

1. c4 b6 2. d4 Bb7 3. Nc3 e6 4. a3 Nf6 5. d5 exd5 6. cxd5 Bc5 7. e3 O-O 8. Nf3
Re8 9. Bc4 c6 10. O-O cxd5 11. Nxd5 Nxd5 12. Bxd5 Nc6 13. b4 Bf8 14. Bb2 Rb8
15. Qb3 Qe7 16. Rfd1 Nd8 17. h4 Ne6 18. Rd2 Bxd5 19. Qxd5 d6 20. Rc1 Qb7 21.
Qxb7 Rxb7 22. Rdc2 Rbb8 23. Nd4 Nxd4 24. Bxd4 g6 25. Rc7 Ra8 26. Kf1 Bg7 27.
Bxg7 Kxg7 28. Rd7 Red8 29. Rcc7 Rxd7 30. Rxd7 a5 31. Rxd6 axb4 32. axb4 Rb8 33.
Ke2 Kf8 34. Kd3 Ke7 35. Rc6 Kd7 36. b5 Ke7 37. Ke4 Rb7 38. g4 Kd7 39. Ke5 Ke7
40. g5 Rb8 41. Rc7+ 1-0

[Event "II Open I Like Elo"]
[Site "Roma ITA"]
[Date "2009.02.11"]
[Round "5"]
[White "Mammoliti, Francesco"]
[Black "Gerlando, Onofrio"]
[Result "1-0"]
[WhiteElo "1752"]
[BlackElo "1668"]
[PlyCount "115"]
[EventDate "2009.01.14"]

1. d4 Nf6 2. c4 e6 3. Nf3 d5 4. Nc3 dxc4 5. Qa4+ Bd7 6. Qxc4 Bd6 7. e4 Be7 8.
e5 Ng8 9. Bd3 a6 10. Qb3 b5 11. Qc2 g6 12. O-O Bc6 13. Be4 f5 14. Bxc6+ Nxc6
15. Rd1 Nb4 16. Qb3 Nd5 17. Nxd5 exd5 18. Bd2 c6 19. Rac1 Rc8 20. a3 a5 21. Qa2
h6 22. Ne1 Bg5 23. Nd3 Be7 24. Nf4 g5 25. Ne6 Qb6 26. Ng7+ Kf7 27. Nxf5 b4 28.
Nxe7 Kxe7 29. Rc5 Ke6 30. Qb1 Ne7 31. Qd3 bxa3 32. bxa3 a4 33. Qh3+ Kf7 34.
Qh5+ Ke6 35. Bb4 Rcg8 36. Qe2 Nf5 37. Qc2 Rc8 38. Qxa4 Ne7 39. Rdc1 Rhf8 40.
Qd1 Qa6 41. Qg4+ Nf5 42. Qd1 Rg8 43. Qd2 g4 44. Qc3 Ne7 45. Ra5 Qb7 46. Bxe7
Kxe7 47. Qc5+ Ke8 48. Ra7 Rc7 49. Rxb7 Rxb7 50. Qxc6+ Rd7 51. e6 Rgg7 52. Re1
Kd8 53. exd7 Rxd7 54. Qb6+ Rc7 55. Rc1 Kd7 56. Qxc7+ Ke6 57. Rc6+ Kf5 58. Qe5#
1-0

[Event "II Open I Like Elo"]
[Site "Roma ITA"]
[Date "2009.02.11"]
[Round "5"]
[White "Mazza, Maurizio"]
[Black "Sermoneta, Eugenio"]
[Result "0-1"]
[WhiteElo "1711"]
[BlackElo "1784"]
[PlyCount "112"]
[EventDate "2009.01.14"]

1. e4 e6 2. d4 d5 3. exd5 exd5 4. Nf3 Nf6 5. Bf4 Bg4 6. Be2 Bd6 7. Ne5 Bxe2 8.
Qxe2 O-O 9. O-O Nbd7 10. Nc3 a6 11. Rfe1 Re8 12. Qd2 c6 13. Re2 Qc7 14. Rae1
Rad8 15. Qd3 Nh5 16. Bd2 Nxe5 17. dxe5 Rxe5 18. Rxe5 Bxe5 19. g3 g6 20. Qe2 Bf6
21. Bh6 Qd7 22. Bc1 Ng7 23. Qf3 Qf5 24. Qd1 Bxc3 25. bxc3 Ne6 26. Be3 c5 27.
Qb1 Rd7 28. Qd1 Ng5 29. Bxg5 Qxg5 30. Qe2 Kg7 31. Qe8 Qd8 32. Qe5+ Qf6 33. Qe8
Qd8 34. Qe5+ Qf6 35. Qe8 Qd6 36. Re3 d4 37. cxd4 cxd4 38. Rd3 Re7 39. Qa4 Qd5
40. Qxd4+ Qxd4 41. Rxd4 Rc7 42. Rd2 Kf6 43. Kf1 Ke5 44. f3 h5 45. Kf2 g5 46. h3
f5 47. Ke1 Rc5 48. Kd1 b5 49. Kc1 Rc3 50. Rd3 Rxd3 51. cxd3 Kd4 52. Kd2 b4 53.
Ke2 a5 54. Kd2 a4 55. Kc2 b3+ 56. axb3 axb3+ 0-1

[Event "II Open I Like Elo"]
[Site "Roma ITA"]
[Date "2009.02.11"]
[Round "5"]
[White "Migliozzi, Giuseppe"]
[Black "Giuliani, Sante"]
[Result "0-1"]
[WhiteElo "1732"]
[BlackElo "1935"]
[PlyCount "60"]
[EventDate "2009.01.14"]

1. Nf3 d5 2. b3 Nf6 3. Bb2 Bf5 4. e3 e6 5. d4 Nbd7 6. Be2 Bd6 7. O-O c6 8. Nbd2
Ne4 9. a3 Qf6 10. c4 O-O 11. Rc1 Rfe8 12. b4 Qh6 13. Ne5 f6 14. Nef3 g5 15. g3
Kf7 16. b5 cxb5 17. c5 Bc7 18. Bxb5 Bg4 19. Qa4 Nf8 20. Bxe8+ Rxe8 21. Nxe4
dxe4 22. Nd2 Qh3 23. Kh1 Ng6 24. d5 exd5 25. Qd4 Re5 26. a4 Rf5 27. Rg1 Nh4 28.
f3 Bxf3+ 29. Nxf3 Nxf3 30. Qxf6+ Rxf6 0-1

[Event "II Open I Like Elo"]
[Site "Roma ITA"]
[Date "2009.02.11"]
[Round "5"]
[White "Pala, Giorgio"]
[Black "Roberti, Bruno"]
[Result "1-0"]
[WhiteElo "1962"]
[BlackElo "1990"]
[PlyCount "69"]
[EventDate "2009.01.14"]

1. e4 e5 2. Nf3 Nc6 3. Bb5 Nf6 4. O-O Nxe4 5. Re1 Nd6 6. Ba4 Be7 7. Nxe5 Nxe5
8. Rxe5 O-O 9. d4 Bf6 10. Re1 Nf5 11. c3 d5 12. Bf4 Bd7 13. Bc2 c6 14. Nd2 g5
15. Qh5 gxf4 16. Bxf5 Bxf5 17. Qxf5 Kh8 18. Nf3 Qd6 19. Ne5 Bxe5 20. Rxe5 Qg6
21. Qxf4 Rae8 22. Rae1 Rxe5 23. Qxe5+ f6 24. Qe7 Qf7 25. g3 Kg8 26. Kg2 h5 27.
h4 Kg7 28. Kf3 Kh6 29. Re6 Kg6 30. Kf4 Rg8 31. Qxf7+ Kxf7 32. Kf5 Rg6 33. Re7+
Kxe7 34. Kxg6 Ke6 35. Kxh5 1-0